000 01488nam0a2200325 4500
001 RU\NLR\bibl\1796040
005 20250616144610.0
010 _a978-5-7810-0710-3
_9100
021 _aRU
_b2011-52382
_93733
035 _a(NLR Aleph) 001786724
090 _a1731827
_c1731827
100 _a20110808d2011 |||y0rusy50 ca
101 0 _arus
102 _aRU
105 _ay |||||||||
200 1 _aДиалог культур на уроках родной и русской литератур в школах Республики Хакасия
_fН.Л. Кольчикова
_gМ-во образования и науки Рос. Федерации, ГОУ ВПО "Хакас. гос. ун-т им. Н.Ф. Катанова"
210 _aАбакан
_cХакасский государственный университет
_d2011
215 _a199 с.
_d20
320 _aБиблиогр.: с. 186-199
606 1 _aХакасская литература
_xПреподавание
_xСредняя школа
_92170980
_3RU\NLR\auth\661305952
606 1 _aРусская литература
_xПреподавание
_xХакасская школа
_92623467
_3RU\NLR\auth\661560027
686 _aЧ426.153хак.
686 _aЧ426.21(2)319хак.
700 1 _aКольчикова
_bН. Л.
_gНаталья Лаврентьевна
_4070
801 0 _aRU
_bNLR
_c20110808
_gRCR
801 1 _aRU
_bNLR
_c20110808
942 _cBOOK
980 _aNB
980 _aNBR